[Event "Concepcion Henriquez Memorial"]
[Site "Concepcion"]
[Date "2021.09.24"]
[Round "7"]
[White "Salgado Moscozo, Heraldo"]
[Black "Munoz Apolonio, Carlos David"]
[Result "1-0"]
[WhiteElo "2006"]
[BlackElo "1647"]
[PlyCount "83"]
[EventDate "2021.09.08"]
[EventType "tourn"]
[EventRounds "9"]
[EventCountry "CHI"]
[SourceTitle "EXT 2023"]
[Source "ChessBase"]
[SourceDate "2022.10.05"]
[SourceVersion "1"]
[SourceVersionDate "2022.10.05"]
[SourceQuality "1"]

1. d4 Nf6 2. c4 g6 3. Nc3 Bg7 4. e4 d6 5. f4 c5 6. d5 e6 7. dxe6 Bxe6 8. Bd3 0-0 9. Nf3 Ne8 10. f5 Bxc3+ 11. bxc3 Bd7 12. 0-0 Nc6 13. Bh6 Ng7 14. Qd2 Re8 15. g4 Ne5 16. Nxe5 dxe5 17. Bxg7 Kxg7 18. f6+ Kh8 19. Qh6 Rg8 20. Be2 g5 21. Rad1 Rg6 22. Qh3 Qc7 23. Rd3 Be6 24. Rd2 Rd8 25. Qe3 Rxd2 26. Qxd2 Qd7 27. Qe3 b6 28. Rd1 Qc8 29. h3 h6 30. Qd3 Kh7 31. Qd6 Qa6 32. Qxe5 Qxa2 33. Bf1 Qc2 34. Rd8 Qc1 35. Qb8 Qe3+ 36. Kh1 Qf3+ 37. Bg2 Qxf6 38. e5 Qg7 39. Be4 f6 40. Qd6 Qf7 41. Rf8 Qd7 42. Rxf6 1-0

[Event "Concepcion Henriquez Memorial"]
[Site "Concepcion"]
[Date "2021.09.10"]
[Round "2"]
[White "Munoz Apolonio, Carlos David"]
[Black "Mundaca Bermedo, Tomas Joaquin"]
[Result "1-0"]
[WhiteElo "1647"]
[BlackElo "1512"]
[PlyCount "89"]
[EventDate "2021.09.08"]
[EventType "tourn"]
[EventRounds "9"]
[EventCountry "CHI"]
[SourceTitle "EXT 2023"]
[Source "ChessBase"]
[SourceDate "2022.10.05"]
[SourceVersion "1"]
[SourceVersionDate "2022.10.05"]
[SourceQuality "1"]

1. d4 Nf6 2. c4 g6 3. Nc3 Bg7 4. e4 d6 5. f4 0-0 6. e5 Nfd7 7. Nf3 b6 8. Be2 Bb7 9. 0-0 e6 10. Be3 dxe5 11. dxe5 Nc6 12. Qc2 Qe7 13. Rad1 Bh6 14. Bc1 Nc5 15. a3 a5 16. g4 Bg7 17. g5 a4 18. Be3 Na5 19. Nd4 Nc6 20. Bf3 Nxd4 21. Rxd4 Bxf3 22. Rxf3 Rfd8 23. Rxd8+ Rxd8 24. Nxa4 Nxa4 25. Qxa4 Rd3 26. Kg2 Qd8 27. Qc2 Bf8 28. Kf2 Bc5 29. Ke2 Rxe3+ 30. Rxe3 Bxe3 31. Kxe3 c5 32. Qd3 Qa8 33. Qd6 Qg2 34. Qxb6 Qg1+ 35. Ke2 Qxh2+ 36. Kd3 Qg3+ 37. Kc2 Qxf4 38. Qxc5 Qxg5 39. a4 h5 40. a5 h4 41. a6 Qg2+ 42. Kb3 h3 43. Qc8+ Kg7 44. a7 Qg3+ 45. Ka2 1-0